000 00200 a2200097 4500
001 42691
100 _aMathew
245 _athe naval heritage
260 _aLondon
_bCollins
_c
090 _c26585
_d26585
942 _aNUST-CAE
_cM
_c18430
999 _c277764
_d277764